Kissinger : (Record no. 13721)
[ view plain ]
| 000 -LEADER | |
|---|---|
| fixed length control field | 01065cam a2200325 i 4500 |
| 001 - CONTROL NUMBER | |
| control field | 306248 |
| 003 - CONTROL NUMBER IDENTIFIER | |
| control field | EG-ScBUE |
| 005 - DATE AND TIME OF LATEST TRANSACTION | |
| control field | 20240701093059.0 |
| 008 - FIXED-LENGTH DATA ELEMENTS--GENERAL INFORMATION | |
| fixed length control field | 730206t1973 nyu f b 001 0beng d |
| 020 ## - INTERNATIONAL STANDARD BOOK NUMBER | |
| International Standard Book Number | 0393054810 |
| 040 ## - CATALOGING SOURCE | |
| Original cataloging agency | DLC |
| Language of cataloging | eng |
| Description conventions | rda |
| Transcribing agency | DLC |
| Modifying agency | DLC |
| -- | EG-ScBUE |
| 043 ## - GEOGRAPHIC AREA CODE | |
| Geographic area code | n-us--- |
| 082 04 - DEWEY DECIMAL CLASSIFICATION NUMBER | |
| Classification number | 973.924 |
| Edition number | 22 |
| Item number | GRA |
| 100 1# - MAIN ENTRY--PERSONAL NAME | |
| Personal name | Graubard, Stephen Richards, |
| Relator term | author. |
| 9 (RLIN) | 12853 |
| 245 10 - TITLE STATEMENT | |
| Title | Kissinger : |
| Remainder of title | portrait of a mind / |
| Statement of responsibility, etc | Stephen R. Graubard. |
| 250 ## - EDITION STATEMENT | |
| Edition statement | First edition. |
| 264 #1 - PUBLICATION, DISTRIBUTION, ETC. (IMPRINT) | |
| Place of publication, distribution, etc | New York : |
| Name of publisher, distributor, etc | W. W. Norton & Company, |
| Date of publication, distribution, etc | [1973] |
| 264 #4 - PUBLICATION, DISTRIBUTION, ETC. (IMPRINT) | |
| Date of publication, distribution, etc | c1973 |
| 300 ## - PHYSICAL DESCRIPTION | |
| Extent | xix, 288 pages ; |
| Dimensions | 24 cm |
| 336 ## - CONTENT TYPE | |
| Source | rdacontent |
| Content type term | text |
| Content type code | txt |
| 337 ## - MEDIA TYPE | |
| Media type term | unmediated |
| Source | rdamedia |
| Media type code | n |
| 338 ## - CARRIER TYPE | |
| Carrier type term | volume |
| Carrier type code | nc |
| Source | rdacarrier |
| 504 ## - BIBLIOGRAPHY, ETC. NOTE | |
| Bibliography, etc | Includes bibliographical references and index.<br/> |
| 600 17 - SUBJECT ADDED ENTRY--PERSONAL NAME | |
| Personal name | Kissinger, Henry, |
| Dates associated with a name | 1923-2023. |
| Source of heading or term | BUEsh |
| 9 (RLIN) | 12854 |
| 650 #7 - SUBJECT ADDED ENTRY--TOPICAL TERM | |
| Topical term or geographic name as entry element | Cabinet officers |
| Geographic subdivision | United States |
| Form subdivision | Biography. |
| Source of heading or term | BUEsh |
| 650 #7 - SUBJECT ADDED ENTRY--TOPICAL TERM | |
| Topical term or geographic name as entry element | Statesmen |
| Geographic subdivision | United States |
| Form subdivision | Biography. |
| Source of heading or term | BUEsh |
| 655 ## - INDEX TERM--GENRE/FORM | |
| Form subdivision | Reading book |
| 942 ## - ADDED ENTRY ELEMENTS (KOHA) | |
| Source of classification or shelving scheme | Dewey Decimal Classification |
| Koha item type | Book - Borrowing |
| Withdrawn status | Lost status | Source of classification or shelving scheme | Damaged status | Not for loan | Collection code | Home library | Current library | Shelving location | Date acquired | Source of acquisition | Total Checkouts | Total Renewals | Full call number | Barcode | Date last seen | Date checked out | Price effective from | Koha item type | Public note |
|---|---|---|---|---|---|---|---|---|---|---|---|---|---|---|---|---|---|---|---|
| Dewey Decimal Classification | Donation-Gift | Central Library | Central Library | Second Floor | 17/03/2010 | Donation | 1 | 3 | 973.924 GRA | 000019820 | 15/07/2025 | 23/10/2017 | 17/03/2010 | Book - Borrowing | Donated By: Alaa abdel ghaney. |